000110428 001__ 110428
000110428 005__ 20220210105305.0
000110428 037__ $$aTAZ-TFG-2021-1577
000110428 041__ $$aspa
000110428 1001_ $$aLaguna Román, Jorge Daniel
000110428 24200 $$aThe effects of the second chance mechanism for non-entrepreneurial individuals on the debtor and its creditors
000110428 24500 $$aLos efectos del mecanismo de la segunda oportunidad de las personas físicas no empresarias sobre el deudor y sus acreedores
000110428 260__ $$aZaragoza$$bUniversidad de Zaragoza$$c2021
000110428 506__ $$aby-nc-sa$$bCreative Commons$$c3.0$$uhttp://creativecommons.org/licenses/by-nc-sa/3.0/
000110428 520__ $$aEn el presente trabajo, se analizan los efectos que van a suponer sobre el deudor persona física no empresaria y sus acreedores, el inicio del mecanismo de la segunda oportunidad en España. Estos efectos se refieren principalmente a las capacidades patrimoniales y de decisión propias de aquellos sujetos a lo largo de las fases del proceso, hasta llegar al beneficio de exoneración del pasivo insatisfecho. Y, desde un punto de vista crítico, analizar la regulación actual de la figura de la segunda oportunidad y su aplicación en nuestro país. <br />
000110428 521__ $$aGraduado en Derecho
000110428 540__ $$aDerechos regulados por licencia Creative Commons
000110428 700__ $$aMate Satué, Loreto Carmen$$edir.
000110428 7102_ $$aUniversidad de Zaragoza$$bDerecho Privado$$cDerecho Civil
000110428 8560_ $$f761112@unizar.es
000110428 8564_ $$s405322$$uhttps://zaguan.unizar.es/record/110428/files/TAZ-TFG-2021-1577.pdf$$yMemoria (spa)
000110428 909CO $$ooai:zaguan.unizar.es:110428$$pdriver$$ptrabajos-fin-grado
000110428 950__ $$a
000110428 951__ $$adeposita:2022-02-10
000110428 980__ $$aTAZ$$bTFG$$cDER
000110428 999__ $$a20210617221956.CREATION_DATE